Kajian budaya dan masyarakat di Malaysia
| Other Authors: | |
|---|---|
| Format: | Book |
| Published: |
Kuala Lumpur :
DBP ,
1986
|
| Subjects: |
MARC
| LEADER | 00000cam a2200000 7i4500 | ||
|---|---|---|---|
| 001 | 0000003642 | ||
| 002 | 000003923 | ||
| 005 | 20000330.0 | ||
| 020 | |a T000000304 | ||
| 090 | 0 | 0 | |a 306.09595 |b KAJ |
| 245 | 0 | 0 | |a Kajian budaya dan masyarakat di Malaysia |c disusun oleh Mohd.Taib Osman dan Wan Kadir Yussof |
| 260 | |a Kuala Lumpur : |b DBP , |c 1986 | ||
| 300 | |a 374p. ; |c 22cm. | ||
| 651 | 0 | |a Malaysia |x Civilization | |
| 651 | 0 | |a Malaysia |x Social life and customs | |
| 700 | 0 | |a Mohd.Taib Osman | |
| 999 | |a 037112 |b BUKU |c MALAYSIANA |e PERPUSTAKAAN KOMUNITI PETALING JAYA | ||